Giant Pokémon Click Quiz - Statistics

General Stats
  • This quiz has been taken 288 times
  • The average score is 73 of 100
Answer Stats
Hint Answer % Correct
Flamigo
83%
Torterra
83%
Dratini
81%
Rayquaza-Mega
80%
Paldean Wooper
80%
Starmie
80%
Lugia
80%
Ampharos
79%
Altaria
79%
Nidoqueen
79%
Sirfetch'd
79%
Kadabra
79%
Giratina
79%
Unown
79%
Kirlia
78%
Lapras
78%
Tropius
78%
Mightyena
78%
Squirtle
78%
Greninja
78%
Slaking
77%
Trubbish
77%
Blaziken
77%
Zacian
77%
Sudowoodo
77%
Rhyperior
77%
Growlithe
77%
Jynx
77%
Krookodile
77%
Xerneas
76%
Clefairy
76%
Munchlax
76%
Moltres
76%
Mudkip
76%
Victreebel
76%
Bewear
76%
Wigglytuff
76%
Deoxys
76%
Luxio
76%
Shuckle
76%
Alolan Marowak
74%
Flabébé
74%
Emboar
73%
Bayleef
73%
Pawmi
73%
Hawlucha
73%
Fuecoco
73%
Pupitar
73%
Gible
73%
Meditite
73%
Swinub
73%
Omanyte
73%
Annihilape
72%
Goodra
72%
Cinderace
72%
Pikipek
72%
Lampent
72%
Seaking
72%
Crabrawler
72%
Audino
72%
Toxel
72%
Tapu Fini
72%
Stonjourner
72%
Meloetta
71%
Feebas
71%
Impidimp
71%
Scrafty
71%
Excadrill
71%
Manaphy
70%
Dracovish
70%
Cyclizar
70%
Mismagius
70%
Corvisquire
70%
Whiscash
70%
Hydreigon
70%
Dewott
70%
Iron Treads
69%
Decidueye
69%
Gliscor
69%
Toedscool
69%
Monferno
69%
Pawniard
67%
Oricorio
67%
Cobalion
67%
Sneasler
67%
Sigilyph
67%
Diggersby
67%
Amaura
67%
Greavard
67%
Golisopod
67%
Tynamo
67%
Roggenrola
67%
Celesteela
66%
Gligar
66%
Anorith
65%
Snorunt
65%
Swadloon
62%
Ogerpon
62%
Wormadam
62%
Grafaiai
62%
No matching quizzes found
Score Distribution
Percent of People with Each Score
Percentile by Number Answered
Your Score History
You have not taken this quiz